00779nam a2200241Ia 4500003000400000005001700004008004100021020001500062040001800077041000800095082002100103100002700124245005000151250001200201260004300213300002800256650002500284650002900309650002700338942003000365999001900395952012300414OSt20260121152144.0210716s1990 xx 000 0 und d a8170291216 cAIMIT LIBRARY aeng a006.62 21bROSW aRosch, Winn L.9252104 aWinn rosch hardware bible /cBy Winn L Rosch. a1st ed. aNew Delhi :bBPB Publications ,c1990. axi,628p. ;bPBc22.8 cm aCoprocessors9252105 aThe power supply9252106 aVideo adapters9252107 2ddccBKe1stk006.62 ROSW c181807d181807 001040708MCAaAIMITbAIMITd2021-07-16g90.00l0o006.62 ROSWpMCA01315r2026-05-23 00:00:00v90.00w2021-07-16yBK